El Contrato de prštamo y crďito jurisprudencia y doctrina espaǫla /

Detalles Bibliográficos
Autor principal: Fernǹdez-Arias Shelly, Carlos
Otros Autores: Fernǹdez-Arias Almagro, Carlos, Fernǹdez-Arias Almagro, Još
Formato: Libro
Lenguaje:español
Publicado: Madrid : DIJUSA, 2000
Materias:
Acceso en línea:Acceso restringido

MARC

LEADER 00000nam a2200000 a 4500
005 20111223112637.0
007 cr|||| ||||
008 010625s2000 sp |||||| 000 ||spa||
020 |a 8493140732 
035 |a 2592 
040 |d vLex 
090 |c 2864  |d 2864 
100 1 |a Fernǹdez-Arias Shelly, Carlos 
245 1 3 |a El Contrato de prštamo y crďito   |h [Recurso electrn̤ico] :  |b jurisprudencia y doctrina espaǫla /  |c Carlos Fernǹdez-Arias Shelly, Carlos y Jos ̌Fernǹdez-Arias Almagro 
256 |a Servicio en ln̕ea 
260 |a Madrid :  |b DIJUSA,  |c 2000 
300 |a 1 recurso electrn̤ico 
505 8 |a Contiene: T. 1. Prštamo ; T. 2. Crďito : crďito ordinario, sindicado, documentario y al consumo 
506 1 |a Contenido solo disponible en los productos indicados  |d vLex Global   |d vLex Global (Academic Edition, excluding Law Schools)   |d vLex Global (U.S. Academic Edition, Law Schools)   |d vLex Global (U.S. Academic Edition, excluding Law Schools)   |d vLex Global (Academic Edition, Law Schools)  
650 0 4 |a Prestamos  |x Derecho  |z Espaą  |x Jurisprudencia 
650 0 4 |a Credito  |x Derecho  |z Espaą  |x Jurisprudencia 
700 1 |a Fernǹdez-Arias Almagro, Carlos 
700 1 |a Fernǹdez-Arias Almagro, Još 
740 0 |a vLex Libros (Servicio en ln̕ea) 
856 4 0 |u http://vlex.com/source/contrato-prestamo-credito-2592  |z Acceso restringido 
942 |c BOOK 
999 0 |a Loans 
999 0 |a Finance  |b Law and legislation